Вып. 14 : Химия соединений редких тугоплавких элементов (V, Nb, Ti, Zr); Труды Института химии

Бібліографічні деталі
Parent link:Труды Института химии: [сборник трудов]/ Академия наук СССР (АН СССР), Уральский филиал (УФ), Институт химии. Вып. 14 : Химия соединений редких тугоплавких элементов (V, Nb, Ti, Zr).— , 1958-
Інші автори: Яценко С. П. (редактор)
Мова:Російська
Опубліковано: 1967
Предмети:
Формат: MixedMaterials Книга
KOHA link:https://koha.lib.tpu.ru/cgi-bin/koha/opac-detail.pl?biblionumber=350929

MARC

LEADER 00000nam2a2200000 4500
001 350929
005 20231102010343.0
035 |a (RuTPU)RU\TPU\retro\5309 
035 |a RU\TPU\retro\5249 
090 |a 350929 
100 |a 20190314d1967 k y0rusy50 ca 
101 0 |a rus 
102 |a RU 
105 |a a z 001zy 
200 0 |a Вып. 14 : Химия соединений редких тугоплавких элементов (V, Nb, Ti, Zr)  |f отв. ред. С. П. Яценко 
210 |d 1967 
215 |a 162 с.  |c ил. 
320 |a Библиогр. в конце ст. 
461 1 |0 (RuTPU)RU\TPU\retro\5248  |t Труды Института химии  |o [сборник трудов]  |f Академия наук СССР (АН СССР), Уральский филиал (УФ), Институт химии  |v Вып. 14 : Химия соединений редких тугоплавких элементов (V, Nb, Ti, Zr)  |d 1958-  
606 1 |a Редкие элементы  |x Химия  |2 stltpush  |3 (RuTPU)RU\TPU\subj\74971  |9 86880 
610 1 |a тугоплавкие соединения 
610 1 |a связи 
610 1 |a щелочные металлы 
610 1 |a теплоемкость 
610 1 |a энтропия 
610 1 |a брикетирование 
610 1 |a давление 
610 1 |a термодинамические расчеты 
610 1 |a кинетика 
610 1 |a полярография 
675 |a 546.2/.9-022.251  |v 4 
702 1 |a Яценко  |b С. П.  |4 340 
801 1 |a RU  |b 63413507  |c 20190313 
801 2 |a RU  |b 63413507  |c 20190314  |g RCR 
942 |c BK